[Event "RSA-ch (Women)"]
[Site "Cape Town"]
[Date "2019.12.15"]
[Round "9"]
[White "Joubert, Dantelle"]
[Black "Engelbrecht, Hanri"]
[Result "1-0"]
[WhiteElo "1577"]
[BlackElo "1463"]
[PlyCount "81"]
[EventDate "2019.12.07"]
[EventType "tourn"]
[EventRounds "11"]
[EventCountry "RSA"]
[SourceTitle "CBM 193 Extra"]
[Source "ChessBase"]
[SourceDate "2020.01.31"]
[SourceVersion "1"]
[SourceVersionDate "2020.01.31"]
[SourceQuality "1"]

1. e4 d5 2. exd5 Nf6 3. Nf3 Bg4 4. Bb5+ Nbd7 5. Nc3 a6 6. Be2 Nb6 7. d4 Nbxd5 8. Nxd5 Qxd5 9. 0-0 0-0-0 10. Be3 e6 11. Ne5 Bxe2 12. Qxe2 Bd6 13. Nxf7 Qe4 14. Qf3 Qxc2 15. Nxd8 Rxd8 16. Rac1 Qg6 17. Bf4 Bxf4 18. Qxf4 Nd5 19. Qe5 c6 20. Rfe1 Kd7 21. a3 Rf8 22. Qg3 Qf6 23. Rcd1 g5 24. Re5 h6 25. Rde1 Nf4 26. Qe3 Re8 27. Qb3 Kc7 28. Qc2 Nd5 29. Qe4 Nf4 30. Re3 Rf8 31. Re1 g4 32. Qe3 Re8 33. Qg3 h5 34. Rxh5 Qxd4 35. Rh7+ Kc8 36. Qxg4 Qd2 37. Qd1 Rd8 38. Qb1 Nd3 39. Rf1 Nxb2 40. Qg6 Qe2 41. Qf7 1-0

[Event "RSA-ch (Women)"]
[Site "Cape Town"]
[Date "2019.12.08"]
[Round "2"]
[White "Engelbrecht, Hanri"]
[Black "February, Jesse Nikki"]
[Result "1/2-1/2"]
[WhiteElo "1463"]
[BlackElo "1897"]
[PlyCount "143"]
[EventDate "2019.12.07"]
[EventType "tourn"]
[EventRounds "11"]
[EventCountry "RSA"]
[SourceTitle "CBM 193 Extra"]
[Source "ChessBase"]
[SourceDate "2020.01.31"]
[SourceVersion "1"]
[SourceVersionDate "2020.01.31"]
[SourceQuality "1"]

1. e4 c5 2. Nf3 e6 3. d3 Nc6 4. Nbd2 g6 5. g3 Bg7 6. Bg2 Nge7 7. 0-0 0-0 8. Re1 d6 9. h4 e5 10. Nf1 h6 11. Be3 f5 12. Qd2 Kh7 13. c3 Rb8 14. N3h2 Be6 15. f4 b5 16. exf5 gxf5 17. fxe5 Nxe5 18. d4 Nc4 19. Qe2 Nxe3 20. Qxe3 Rf6 21. dxc5 Nd5 22. Qd2 Nc7 23. cxd6 Ne8 24. Rad1 Bxa2 25. d7 Nd6 26. Qf4 Qxd7 27. Rd2 Rd8 28. Ne3 Qe7 29. Nf3 Re6 30. Red1 Re4 31. Nxf5 Qf8 32. Ng5+ hxg5 33. Qxg5 Re5 34. Qh5+ Kg8 35. Nh6+ Bxh6 36. Qxe5 Bxd2 37. Rxd2 Nf7 38. Rxd8 Nxe5 39. Rxf8+ Kxf8 40. Bf1 Bc4 41. b3 Bxf1 42. Kxf1 a5 43. Ke2 Ke7 44. Kd2 Kd6 45. h5 Ng4 46. Kd3 Kd5 47. Kc2 Nh6 48. Kd3 Ng4 49. Kc2 Ke5 50. Kd3 Nh6 51. Kc2 Kf5 52. c4 b4 53. Kd3 Nf7 54. Kd4 Nd8 55. c5 Ke6 56. h6 Kf6 57. h7 Nc6+ 58. Kd5 Kg7 59. h8Q+ Kxh8 60. Kxc6 a4 61. Kd5 axb3 62. c6 b2 63. c7 b1Q 64. c8Q+ Kg7 65. Qg4+ Kf8 66. Qf4+ Ke8 67. Qe5+ Kf7 68. Qf4+ Kg6 69. Qg4+ Kf6 70. Qf4+ Kg7 71. Qg4+ Kh8 72. Qh5+ 1/2-1/2

[Event "World ol U16"]
[Site "Ahmedabad"]
[Date "2017.12.13"]
[Round "4.4"]
[White "Engelbrecht, Hanri"]
[Black "Elisabeth, Christine"]
[Result "1-0"]
[WhiteElo "1535"]
[BlackElo "1688"]
[PlyCount "149"]
[EventDate "2017.12.11"]
[EventType "team-swiss"]
[EventRounds "9"]
[EventCountry "IND"]
[SourceTitle "CBM 182 Extra"]
[Source "ChessBase"]
[SourceDate "2018.02.23"]
[SourceVersion "1"]
[SourceVersionDate "2018.02.23"]
[SourceQuality "1"]
[WhiteTeam "South Africa II"]
[BlackTeam "Indonesia"]
[WhiteTeamCountry "RSA"]
[BlackTeamCountry "INA"]

1. e4 e5 2. Nf3 Nc6 3. d4 exd4 4. Bc4 Bc5 5. c3 Nge7 6. cxd4 Bb4+ 7. Bd2 Bxd2+ 8. Nbxd2 d5 9. exd5 Nxd5 10. Ne5 Nxe5 11. dxe5 Nb6 12. Bb3 0-0 13. 0-0 Qd4 14. Nc4 Qxd1 15. Raxd1 Nxc4 16. Bxc4 Re8 17. f4 Bg4 18. Rc1 c6 19. h3 Be6 20. Rfd1 Kf8 21. Bxe6 Rxe6 22. Rd7 Re7 23. Rcd1 Ke8 24. R7d6 Rc8 25. Kf2 c5 26. b3 Rec7 27. f5 c4 28. bxc4 Rxc4 29. g4 Rc2+ 30. R1d2 Rxd2+ 31. Rxd2 Rc3 32. h4 Ke7 33. h5 Rc5 34. Re2 g6 35. Kf3 gxf5 36. gxf5 f6 37. Rb2 b6 38. Rg2 Kf8 39. h6 Rxe5 40. Kf4 Re7 41. Rc2 Rd7 42. Rc8+ Ke7 43. Rh8 Kd6 44. Rf8 Ke7 45. Rh8 Kd6 46. Rf8 Ke7 47. Rg8 Kd6 48. Ke4 Re7+ 49. Kd4 Re5 50. Rg7 Re7 51. Kc4 a6 52. a3 Re4+ 53. Kd3 Re7 54. Kd4 Rc7 55. a4 Re7 56. Kc3 Rc7+ 57. Kb4 Re7 58. Kc3 Rc7+ 59. Kd4 Re7 60. Rg8 Re1 61. Rd8+ Ke7 62. Ra8 Rd1+ 63. Kc3 b5 64. Rxa6 bxa4 65. Rxa4 Rd5 66. Ra7+ Kd6 67. Rxh7 Rxf5 68. Rh8 Rh5 69. h7 Rh3+ 70. Kd4 Rh4+ 71. Ke3 Rh3+ 72. Kf4 Ke7 73. Ra8 Rh4+ 74. Kg3 Rxh7 75. Ra7+ 1-0

[Event "Africa-ch U16 Girls"]
[Site "Cairo"]
[Date "2017.12.05"]
[Round "5.4"]
[White "Engelbrecht, Hanri"]
[Black "Gamal Eldin, Rabab"]
[Result "1-0"]
[WhiteElo "1535"]
[BlackElo "1480"]
[PlyCount "105"]
[EventDate "2017.12.03"]
[EventType "tourn"]
[EventRounds "9"]
[EventCountry "EGY"]
[SourceTitle "EXT 2024"]
[Source "ChessBase"]
[SourceDate "2023.10.10"]
[SourceVersion "1"]
[SourceVersionDate "2023.10.10"]
[SourceQuality "1"]

1. e4 c5 2. Nf3 Nc6 3. d4 cxd4 4. Nxd4 g6 5. c4 Bg7 6. Be3 Nf6 7. f3 0-0 8. Nc3 d6 9. Qd2 Be6 10. g4 Rc8 11. b3 Nd7 12. Be2 Nde5 13. h4 Nxd4 14. Bxd4 Qa5 15. h5 Nc6 16. Bxg7 Kxg7 17. f4 Rh8 18. f5 Bd7 19. h6+ Kf8 20. f6 Qe5 21. fxe7+ Nxe7 22. 0-0-0 Bc6 23. Rhe1 g5 24. Qd4 Qxd4 25. Rxd4 Rd8 26. e5 Nc8 27. c5 Ke7 28. cxd6+ Nxd6 29. exd6+ Rxd6 30. Bc4+ Kd7 31. Rxd6+ Kxd6 32. Rf1 Rf8 33. Rxf7 Rxf7 34. Bxf7 Bd7 35. Bg8 Ke7 36. Bxh7 Bxg4 37. Bg6 Kf6 38. h7 Kg7 39. Ne4 Bh5 40. Bxh5 Kxh7 41. Bf3 Kg6 42. a4 Kf5 43. Nd6+ Kf4 44. Bxb7 g4 45. b4 g3 46. b5 Ke5 47. Nc8 Kd4 48. Nxa7 Kc5 49. Bg2 Kb6 50. Nc6 Kc7 51. a5 Kb7 52. a6+ Kb6 53. a7 1-0

[Event "Africa KCF Inv tt"]
[Site "Brakpan"]
[Date "2017.10.08"]
[Round "6.4"]
[White "Engelbrecht, Hanri"]
[Black "Oberholzer, Imarie"]
[Result "0-1"]
[WhiteElo "1522"]
[BlackElo "1546"]
[PlyCount "108"]
[EventDate "2017.10.05"]
[EventType "team-tourn"]
[EventRounds "7"]
[EventCountry "RSA"]
[SourceTitle "CBM 181 Extra"]
[Source "ChessBase"]
[SourceDate "2017.12.12"]
[SourceVersion "1"]
[SourceVersionDate "2017.12.12"]
[SourceQuality "1"]
[WhiteTeam "SA Emerging Players"]
[BlackTeam "ChessExcellence II"]
[WhiteTeamCountry "RSA"]
[BlackTeamCountry "RSA"]

1. e4 c5 2. Nf3 d6 3. d4 cxd4 4. Nxd4 Nf6 5. Nc3 g6 6. f3 Bg7 7. Be3 0-0 8. Qd2 Nc6 9. 0-0-0 Bd7 10. g4 Qa5 11. Nb3 Qc7 12. Kb1 Ne5 13. Be2 Be6 14. Nd5 Bxd5 15. exd5 Nc4 16. Bxc4 Qxc4 17. h4 h5 18. gxh5 Nxh5 19. Bg5 Rfe8 20. Rde1 Qc7 21. Rhg1 Rac8 22. Re2 Kh7 23. f4 Qd7 24. Qd3 Qf5 25. Qxf5 gxf5 26. Rxe7 Rxe7 27. Bxe7 Nxf4 28. Rd1 Be5 29. Bg5 Rc4 30. Na5 Rb4 31. b3 Ne2 32. Bd2 Rd4 33. Re1 Rxd2 34. Nc4 Nc3+ 35. Kb2 Re2 36. Rxe2 Nxe2+ 37. Nxe5 dxe5 38. c4 Nd4 39. Kc3 Kh6 40. c5 Kh5 41. d6 Ne6 42. d7 Kxh4 43. b4 f4 44. b5 Nd8 45. Kd3 Kg3 46. Ke4 f3 47. Kxe5 f2 48. Kd6 f1Q 49. Kc7 Ne6+ 50. Kc8 Qxb5 51. d8Q Qc6+ 52. Kb8 Nxd8 53. Kxa7 b5 54. cxb6 Qb7# 0-1

[Event "RSA-ch U16 Girls"]
[Site "Gauteng"]
[Date "2017.04.07"]
[Round "5"]
[White "Parthiephal, Dayaan"]
[Black "Engelbrecht, Hanri"]
[Result "0-1"]
[WhiteElo "1297"]
[BlackElo "1523"]
[PlyCount "65"]
[EventDate "2017.04.05"]
[EventType "swiss"]
[EventRounds "11"]
[EventCountry "RSA"]
[SourceTitle "CBM 177 Extra"]
[Source "ChessBase"]
[SourceDate "2017.04.27"]
[SourceVersion "1"]
[SourceVersionDate "2017.04.27"]
[SourceQuality "1"]

1. e4 c5 2. Nf3 d6 3. d4 cxd4 4. Nxd4 Nf6 5. Nc3 a6 6. Be3 e6 7. g4 e5 8. Nf5 h5 9. Bg5 hxg4 10. Bxf6 Qxf6 11. Nd5 Qd8 12. Qxg4 g6 13. Nxd6+ Bxd6 14. Qf3 Nd7 15. 0-0-0 Bf8 16. Bc4 Bh6+ 17. Kb1 0-0 18. Rhg1 Kg7 19. Qg2 Nb6 20. Ne3 Qf6 21. Bb3 Bf4 22. h3 Rh8 23. Rh1 a5 24. a3 Bxe3 25. fxe3 Be6 26. Rd6 Nc8 27. Rd2 Bxb3 28. cxb3 Qe6 29. Qg3 Nd6 30. Qg2 Rad8 31. Rc1 b5 32. Qg4 Qxg4 33. hxg4 0-1

[Event "World School-ch U15 Girls"]
[Site "Sochi"]
[Date "2016.12.04"]
[Round "2"]
[White "Harshini, A."]
[Black "Engelbrecht, Hanri"]
[Result "1-0"]
[WhiteElo "1944"]
[BlackElo "1587"]
[PlyCount "115"]
[EventDate "2016.12.03"]
[EventType "swiss"]
[EventRounds "9"]
[EventCountry "RUS"]
[SourceTitle "EXT 2018"]
[Source "ChessBase"]
[SourceDate "2017.10.13"]
[SourceVersion "1"]
[SourceVersionDate "2017.10.13"]
[SourceQuality "1"]

1. e4 c5 2. Nf3 d6 3. d4 cxd4 4. Nxd4 Nf6 5. Nc3 a6 6. Be2 e6 7. 0-0 Be7 8. a4 Qc7 9. f4 Nc6 10. Kh1 0-0 11. Be3 Re8 12. Nb3 Nd7 13. Qe1 Bf6 14. Bf3 Nf8 15. a5 Nd7 16. g4 Nb4 17. Qd2 g6 18. Ra4 Nc6 19. Rd1 Be7 20. Qf2 Nc5 21. Raa1 Rd8 22. Na4 Nxa4 23. Rxa4 Re8 24. Bb6 Qd7 25. Nc5 dxc5 26. Rxd7 Bxd7 27. Bxc5 Bxc5 28. Qxc5 Rac8 29. Ra1 Ne7 30. Qf2 Rc7 31. Rd1 Rec8 32. c3 Ba4 33. Rd4 Bb5 34. Qd2 Nc6 35. Rd7 Kg7 36. Rxc7 Rxc7 37. c4 Bxc4 38. Qc3+ Kg8 39. Qxc4 Rd7 40. e5 Rd4 41. Qc5 Rxf4 42. Bxc6 bxc6 43. Qxc6 Rxg4 44. Qxa6 Ra4 45. Qc8+ Kg7 46. a6 Ra5 47. Qb7 Rxe5 48. a7 Re1+ 49. Kg2 Ra1 50. a8Q Rxa8 51. Qxa8 h5 52. b4 f5 53. b5 e5 54. b6 e4 55. b7 h4 56. b8Q Kh6 57. Qh8+ Kg5 58. Qad8+ 1-0

[Event "RSA-ch U14 Girls"]
[Site "Waterkloof"]
[Date "2015.04.07"]
[Round "5"]
[White "Engelbrecht, Hanri"]
[Black "Vuso, Hlomisa"]
[Result "1-0"]
[WhiteElo "1337"]
[BlackElo "1194"]
[PlyCount "90"]
[EventDate "2015.04.04"]
[EventType "swiss"]
[EventRounds "9"]
[EventCountry "RSA"]
[SourceTitle "CBM 166 Extra"]
[Source "ChessBase"]
[SourceDate "2015.06.18"]
[SourceVersion "1"]
[SourceVersionDate "2015.06.18"]
[SourceQuality "1"]

1. e4 c5 2. Nc3 d6 3. f4 Nc6 4. Nf3 Bg4 5. Bb5 e6 6. Bxc6+ bxc6 7. 0-0 Ne7 8. d3 d5 9. e5 Nf5 10. Qe1 Bxf3 11. Rxf3 Nd4 12. Rf2 Be7 13. Na4 0-0 14. Be3 Rb8 15. c3 Nf5 16. Nxc5 Ra8 17. b4 Qc8 18. a4 f6 19. d4 Bxc5 20. dxc5 fxe5 21. fxe5 Qb8 22. Bd4 a5 23. Rb2 axb4 24. Rxb4 Qc7 25. Rb6 Ra5 26. Qd1 Rfa8 27. Qb3 R5a7 28. a5 h6 29. a6 Kh7 30. Qc2 g6 31. Qf2 h5 32. h3 Nxd4 33. cxd4 Qc8 34. Qe2 Rb8 35. Qb2 Rba8 36. g4 hxg4 37. hxg4 Qc7 38. g5 Kg8 39. Qh2 Qh7 40. Qxh7+ Rxh7 41. Rab1 Rha7 42. Rb8+ Rxb8 43. Rxb8+ Kf7 44. Rb7+ Rxb7 45. axb7 Ke8 1-0